Harmonic analysis and boundary value problems : selected papers from the 25th University of Arkansas springlecture series, Recent progress in the study of harmonic measure from a geometric and analytic point of view, March 2-4, 2000, Fayetteville, Arkansas

Αποθηκεύτηκε σε:
Λεπτομέρειες βιβλιογραφικής εγγραφής
Άλλοι συγγραφείς: Capogna, Luca 1966- (Επιμελητής έκδοσης), Lanzani, Loredana 1965- (Επιμελητής έκδοσης)
Μορφή: Βιβλίο
Γλώσσα:English
Δημοσίευση: Providence, R.I. : American Mathematical Society, c2001
Σειρά:Contemporary mathematics (American Mathematical Society) ; ; 277
Θέματα:
Ετικέτες: Προσθήκη ετικέτας
Δεν υπάρχουν, Καταχωρήστε ετικέτα πρώτοι!

MARC

LEADER 00000nam a2200000 i 4500
001 1/66174
008 041119s2001 eng d
020 |a 0821827456 
035 |l 10075351 
040 |a GR-MY-UA  |b gre  |e aacr 
041 0 |a eng 
082 0 |a 515.2433  |2 (21) 
245 1 0 |a Harmonic analysis and boundary value problems :  |b selected papers from the 25th University of Arkansas springlecture series, Recent progress in the study of harmonic measure from a geometric and analytic point of view, March 2-4, 2000, Fayetteville, Arkansas /  |c Luca Capogna, Loredana Lanzani, editors 
260 |a Providence, R.I. :   |b American Mathematical Society,   |c c2001 
300 |a x, 158 σ.;  |b εικ.;  |c 25 εκ. 
490 1 |a Contemporary mathematics  |v ; 277 
504 |a Περιέχει βιβλιογραφικές αναφορές 
650 0 0 |a Harmonic analysis. 
650 0 0 |a Boundary value problems. 
700 1 |a Capogna, Luca  |d 1966-  |4 edt 
700 1 |a Lanzani, Loredana  |d 1965-  |4 edt 
830 0 |a Contemporary mathematics (American Mathematical Society) ;  |v ; 277 
852 |a INST  |b SAMOS  |e 20041119  |h 515.2433 HAR  |p 005300022723  |q 005300022723  |t BK  |y 0 
901 |a BIBL3-2004-3 
909 |a Σ  |b 116388 
922 |a 3ΕΛΗ  |b 200409  |c ΕΠΕΑΕΚ2/ΤΜΗΜΑ ΜΑΘΗΜΑΤΙΚΩΝ  |d ΜΙΧΑΛΟΠΟΥΛΟΣ 
950 |a 116-2004-09-30 
970 |a ΚΟΣΙΕΡΗΣ  |b ΧΡΗΣΤΟΣ  |z 2004/12/09